<?xml version="1.0" encoding="UTF-8"?><?xml-stylesheet type="text/xsl" href="static/style.xsl"?><OAI-PMH xmlns="http://www.openarchives.org/OAI/2.0/" xmlns:xsi="http://www.w3.org/2001/XMLSchema-instance" xsi:schemaLocation="http://www.openarchives.org/OAI/2.0/ http://www.openarchives.org/OAI/2.0/OAI-PMH.xsd"><responseDate>2026-04-14T03:03:53Z</responseDate><request verb="GetRecord" identifier="oai:www.recercat.cat:10459.1/64046" metadataPrefix="marc">https://recercat.cat/oai/request</request><GetRecord><record><header><identifier>oai:recercat.cat:10459.1/64046</identifier><datestamp>2024-12-05T21:58:53Z</datestamp><setSpec>com_2072_3622</setSpec><setSpec>col_2072_479130</setSpec></header><metadata><record xmlns="http://www.loc.gov/MARC21/slim" xmlns:dcterms="http://purl.org/dc/terms/" xmlns:xsi="http://www.w3.org/2001/XMLSchema-instance" xmlns:doc="http://www.lyncode.com/xoai" xsi:schemaLocation="http://www.loc.gov/MARC21/slim http://www.loc.gov/standards/marcxml/schema/MARC21slim.xsd">
   <leader>00925njm 22002777a 4500</leader>
   <datafield ind2=" " ind1=" " tag="042">
      <subfield code="a">dc</subfield>
   </datafield>
   <datafield ind2=" " ind1=" " tag="720">
      <subfield code="a">Atanackovic, Valentina</subfield>
      <subfield code="e">author</subfield>
   </datafield>
   <datafield ind2=" " ind1=" " tag="260">
      <subfield code="c">2013-05-15T13:29:19Z</subfield>
   </datafield>
   <datafield ind2=" " ind1=" " tag="260">
      <subfield code="c">2013-05-15T13:29:19Z</subfield>
   </datafield>
   <datafield ind2=" " ind1=" " tag="260">
      <subfield code="c">2013-04-24</subfield>
   </datafield>
   <datafield ind2=" " ind1=" " tag="520">
      <subfield code="a">La variabilitat de la depredació de llavors en l'espai i temps poden oferir oportunitats a les males herbes per escapar dels depredadors. Els nivells de depredació en cereals de secà van ser dels més alts mai registrats cultius extensius (46-100%). El moment de producció de les llavors de males herbes es superposava amb el període de major demanda. La distribució espacial dels nius era no aleatòria. Els nius grans estaven més regularment distribuïts, els nius petits més agrupats. Les formigues van respondre amb taxes de depredació extremadament elevades (99-100%) a totes les densitats de llavors aplicades L. (1000-20.000 llavors m-2), amb una resposta denso-independent. La mida de rodal va influir en les taxes de depredació per formigues. Va ser major en els rodals més grans (99-100%) i menor en els més petits (78-94%). Aquesta investigació va quantificar la variabilitat espaciotemporal en la depredació de llavors de cereals de secà i l'eficàcia.Summary</subfield>
   </datafield>
   <datafield ind2=" " ind1=" " tag="520">
      <subfield code="a">La variabilidad de la depredación de semillas en el tiempo y espacio ofrecen oportunidades a las malas hierbas para escapar de los depredadores. Los niveles de depredación en cereales de secano fueron entre los más altos registrados jamás en cultivos extensivos (46-100%). El momento de producción de semillas de las malas hierbas se superponía con el período de mayor demanda. La distribución espacial de los nidos era no aleatoria. Los nidos grandes estaban más regularmente distribuidos, los nidos pequeños más agrupados. Las hormigas respondieron con tasas de depredación extremadamente elevadas (99-100%) a todas las densidades de semillas aplicadas (1.000 a 20.000 semillas m-2), con respuesta denso-independiente. El tamaño de parche influyó en las tasas de depredación por hormigas. Fue mayor en los parches más grandes (99-100%) y menor en los más pequeños (78-94%). Esta investigación cuantificó la variabilidad espacio-temporal de la depredación de semillas en cereales de secano y la eficacia.</subfield>
   </datafield>
   <datafield ind2=" " ind1=" " tag="520">
      <subfield code="a">The variability of seed predation in time and space may provide opportunities to weeds to escape predation. Seed predation rates by harvester ants in dryland cereals were among the highest ever recorded on arable fields (46-100%). The timing of weed seed shed overlapped with the period of highest demand. The spatial nest arrangement appeared to be non-random. The large nests were more or less regularly distributed, small nests tended to be more clumped. Harvester ants responded with extremely high predation rates (99-100 %) to all densities of Lolium multiflorum L. seeds applied (1000-20000 seeds m-2), and the response was density independent. Patch size influenced predation rates by harvester ants. Estimated seed predation rate was highest in the largest patches (99-100%), and lowest in the smallest patches (78-94 %). The current research quantified temporal and spatial variability in seed predation in dryland cereals and the influence to the efficacy of granivory.</subfield>
   </datafield>
   <datafield ind1="8" ind2=" " tag="024">
      <subfield code="a">http://hdl.handle.net/10459.1/64046</subfield>
   </datafield>
   <datafield tag="653" ind2=" " ind1=" ">
      <subfield code="a">Depredació de llavors</subfield>
   </datafield>
   <datafield tag="653" ind2=" " ind1=" ">
      <subfield code="a">Depredadors</subfield>
   </datafield>
   <datafield tag="653" ind2=" " ind1=" ">
      <subfield code="a">Cereals de secà</subfield>
   </datafield>
   <datafield tag="653" ind2=" " ind1=" ">
      <subfield code="a">Distribució espacial dels nius</subfield>
   </datafield>
   <datafield tag="653" ind2=" " ind1=" ">
      <subfield code="a">Depredación de semillas</subfield>
   </datafield>
   <datafield tag="653" ind2=" " ind1=" ">
      <subfield code="a">Distribución espacial de los nidos</subfield>
   </datafield>
   <datafield tag="653" ind2=" " ind1=" ">
      <subfield code="a">Tasas de depredación</subfield>
   </datafield>
   <datafield tag="653" ind2=" " ind1=" ">
      <subfield code="a">Seed predation</subfield>
   </datafield>
   <datafield tag="653" ind2=" " ind1=" ">
      <subfield code="a">Harvester ants</subfield>
   </datafield>
   <datafield tag="653" ind2=" " ind1=" ">
      <subfield code="a">Predation rates</subfield>
   </datafield>
   <datafield tag="653" ind2=" " ind1=" ">
      <subfield code="a">Botànica</subfield>
   </datafield>
   <datafield tag="653" ind2=" " ind1=" ">
      <subfield code="a">71</subfield>
   </datafield>
   <datafield ind2="0" ind1="0" tag="245">
      <subfield code="a">Understanding constraints and potentials of weed management through seed predation by harvester ants</subfield>
   </datafield>
</record></metadata></record></GetRecord></OAI-PMH>